000 00514cam a22001697a 4500
008 180718b1981 xxu||||| |||| 00| 0 eng d
020 _a8120400313
082 _aI5007 P215
100 _aPareek, Udai
245 _aBehavioural processes in organisations: readings, cases, instruments
_cby Udai Pareek, T.V. Rao and D.M. Pestonjee
260 _aDelhi
_bOxford & IBH
_c1981
300 _a525p.
650 _aOrganisation
650 _aOrganisational behaviour
700 _aPestonjee, D.M.
700 _aRao, T.V.
999 _c375258
_d375258